000 00641nam a2200241Ia 4500
003 IT-RoPAU
008 120407s9999 xx 000 0 und d
040 _aIT-RoPAU
040 _cIT-RoPAU
041 _aita
100 _aProfessores
100 _cs.j.
245 _aPhilosophiae scholasticae summa. 3voll.
250 _aMadrid
260 _aBAC
260 _c1959
300 _c20 cm
490 _aBAC
490 _v98137
600 _a"1. Introductio in philosophiam. Logica.Critica. Metaphisica generale. 2. Philosophia naturalis, seu cosmologica et psichologia philosophica. 3 manca "
942 _cBK
999 _c21158
_d21158